A modern apprenticeship scheme in the United Arab Republic, (Record no. 47840)

MARC details
000 -LEADER
fixed length control field 00568cam a22002051 4500
001 - CONTROL NUMBER
control field ne 65000020
003 - CONTROL NUMBER IDENTIFIER
control field DLC
005 - DATE AND TIME OF LATEST TRANSACTION
control field 20260227111810.0
008 - FIXED-LENGTH DATA ELEMENTS--GENERAL INFORMATION
fixed length control field 760303s1960 ua 000 0 eng
010 ## - LIBRARY OF CONGRESS CONTROL NUMBER
LC control number ne 65000020
035 ## - SYSTEM CONTROL NUMBER
System control number (OCoLC)2027485
040 ## - CATALOGING SOURCE
Original cataloging agency DLC
Transcribing agency TxU
Modifying agency DLC
050 00 - LIBRARY OF CONGRESS CALL NUMBER
Classification number HD4885.E3
Item number A7
100 1# - MAIN ENTRY--PERSONAL NAME
Personal name ʻArabī, Maḥmūd Ismāʻīl.
245 12 - TITLE STATEMENT
Title A modern apprenticeship scheme in the United Arab Republic,
Statement of responsibility, etc. by M. al-Arabi.
260 ## - PUBLICATION, DISTRIBUTION, ETC.
Place of publication, distribution, etc. [Cairo?
Date of publication, distribution, etc. 1960?]
300 ## - PHYSICAL DESCRIPTION
Extent 23 p.
Dimensions 24 cm.
500 ## - GENERAL NOTE
General note Caption title.
650 #0 - SUBJECT ADDED ENTRY--TOPICAL TERM
Topical term or geographic name entry element Apprentices
Geographic subdivision Egypt.

No items available.

Powered by Koha